Most famous Colombians - Statistics

General Stats
  • This quiz has been taken 30 times
  • The average score is 6 of 16
Answer Stats
Hint Answer % Correct
Global Superstar 🏆 Shakira
100%
Soccer Player ⚽ James Rodriguez
93%
Hollywood Actress 🎥 Sofia Vergara
68%
Nobel Prize winner ✍️ Gabriel Garcia Marquez
57%
Singer 🎤 Karol G
43%
Giro d’Italia winner 🚴‍♂️ Nairo Quintana
43%
Singer 🎤 Maluma
39%
Tour de France winner 🚴‍♂️ Egan Bernal
36%
Singer 🎤 J Balvin
32%
Singer 🎤 Juanes
29%
Olympic gold medalist 🥇 Mariana Pajon
21%
Beauty Queen/Model 👑 Paulina Vega
21%
Soccer Player ⚽ Falcao Garcia
14%
Olympic gold medalist 🥇 Caterine Ibargüen
11%
Billionaire businessman 💰 Luis Carlos Sarmiento
11%
Soccer Player ⚽ Richard Rios
11%
No matching quizzes found
Score Distribution
Percent of People with Each Score
Percentile by Number Answered
Your Score History
You have not taken this quiz